00424 2200157 4500001002100000008004100021035002000062245004800082250001000130260004100140300002000181084001600201082001000217650002800227990001100255INLIS000000000001127 ind  a0010-0722000676 aPedoman Akreditasi MadrasahcQodri A. Azizy aCet.2 aJakarta :bDepartemen Agama RIc2005 a124c14 x 21 cm a371.2 QOD p a371.2 aAdministrasi Pendidikan aDI.469